<?xml version="1.0" encoding="UTF-8"?>
<record
    xmlns:xsi="http://www.w3.org/2001/XMLSchema-instance"
    xsi:schemaLocation="http://www.loc.gov/MARC21/slim http://www.loc.gov/standards/marcxml/schema/MARC21slim.xsd"
    xmlns="http://www.loc.gov/MARC21/slim">

  <leader>01686nam a2200217 a 4500</leader>
  <datafield tag="020" ind1=" " ind2=" ">
    <subfield code="a">125906123X (paperback)</subfield>
  </datafield>
  <datafield tag="020" ind1=" " ind2=" ">
    <subfield code="a">9780070076631</subfield>
  </datafield>
  <datafield tag="082" ind1=" " ind2=" ">
    <subfield code="a">610 MUK</subfield>
  </datafield>
  <datafield tag="100" ind1="1" ind2=" ">
    <subfield code="a">Mukherjee, Prof Kanai L.</subfield>
  </datafield>
  <datafield tag="245" ind1="1" ind2="0">
    <subfield code="a">Medical Laboratory Technology :Vol.2</subfield>
  </datafield>
  <datafield tag="250" ind1=" " ind2=" ">
    <subfield code="a">2nd ed.</subfield>
  </datafield>
  <datafield tag="260" ind1=" " ind2=" ">
    <subfield code="a">New Delhi</subfield>
    <subfield code="b">McGraw Hill Education (India) Private Limited,</subfield>
    <subfield code="c">2010.</subfield>
  </datafield>
  <datafield tag="300" ind1=" " ind2=" ">
    <subfield code="a">496,818 p. ;</subfield>
  </datafield>
  <datafield tag="490" ind1="1" ind2=" ">
    <subfield code="a">Volume 2.</subfield>
  </datafield>
  <datafield tag="520" ind1=" " ind2=" ">
    <subfield code="a">"Celebrating a vast readership among clinical laboratory personnel for over two decades, Medical Laboratory Technology, in its revised, enlarged and updated edition, brings together all relevant medical laboratory technologies&#x2014;new and existing ones&#x2014;in three volumes. Particularly tailored to the needs of laboratories with limited facilities in developing countries, the book: &#x2022; Describes all tests in a step-by-step manner with guidelines to avoid errors and hazards &#x2022; Details the care and use of laboratory equipment and preparation of reagents &#x2022; Highlights the clinical significance of laboratory findings &#x2022; Provides diagrams for easy comprehension &#x2022; Introduces methods and procedures for producing reliable laboratory findings Volume I: Introduction, Haematology and Coagulation, Immunohaematology (or Blood Banking) Volume II: Microbiology, Serology, Clinical Pathology Volume III: Clinical Biochemistry, Histology and Cytology, Miscellaneous Information This book serves as an invaluable reference for students as well as practicing professionals in medical diagnostic l</subfield>
  </datafield>
  <datafield tag="650" ind1=" " ind2=" ">
    <subfield code="a">Mediine</subfield>
  </datafield>
  <datafield tag="650" ind1=" " ind2=" ">
    <subfield code="a">Laboratory Technology</subfield>
  </datafield>
  <datafield tag="700" ind1=" " ind2=" ">
    <subfield code="a">Ghosh,Swarajit</subfield>
  </datafield>
  <datafield tag="856" ind1=" " ind2="0">
    <subfield code="u">http://www.amazon.com/exec/obidos/ASIN/125906123X/ch</subfield>
  </datafield>
  <datafield tag="942" ind1=" " ind2=" ">
    <subfield code="c">BK</subfield>
  </datafield>
  <datafield tag="999" ind1=" " ind2=" ">
    <subfield code="c">475</subfield>
    <subfield code="d">475</subfield>
  </datafield>
  <datafield tag="952" ind1=" " ind2=" ">
    <subfield code="0">0</subfield>
    <subfield code="1">0</subfield>
    <subfield code="7">0</subfield>
    <subfield code="8">NFIC</subfield>
    <subfield code="a">IC</subfield>
    <subfield code="b">IC</subfield>
    <subfield code="c">GEN</subfield>
    <subfield code="d">2015-03-15</subfield>
    <subfield code="l">15</subfield>
    <subfield code="o">610 MUK</subfield>
    <subfield code="p">006717</subfield>
    <subfield code="r">2022-11-17 00:00:00</subfield>
    <subfield code="s">2019-01-05</subfield>
    <subfield code="w">2015-03-15</subfield>
    <subfield code="y">BK</subfield>
  </datafield>
  <datafield tag="952" ind1=" " ind2=" ">
    <subfield code="0">0</subfield>
    <subfield code="1">0</subfield>
    <subfield code="7">0</subfield>
    <subfield code="8">NFIC</subfield>
    <subfield code="a">IC</subfield>
    <subfield code="b">IC</subfield>
    <subfield code="c">GEN</subfield>
    <subfield code="d">2015-07-27</subfield>
    <subfield code="l">0</subfield>
    <subfield code="o">610 MUK</subfield>
    <subfield code="p">006716</subfield>
    <subfield code="r">2015-07-27 00:00:00</subfield>
    <subfield code="w">2015-07-27</subfield>
    <subfield code="y">REF</subfield>
  </datafield>
</record>
